000 00640nam a2200241Ia 4500
003 OSt
005 20220924121901.0
006 a|||||r|||| 00| 0
007 ta
008 220923b |||||||| |||| 00| 0 ben d
024 _a293202
037 _cTextual
040 _aARTS
_cARTS
_bben
041 _2ben
_aben
082 _aO157,1M61:g, N01
100 _aMazumdar Ujjal Kumar
_9187597
245 0 _aThakur barir chokhe rabindranath
260 _aKolkata
_c1990
300 _a76p.
_ccm.
650 _aBENGALI LITERATURE
942 _hO157,1M61:g, N01
_cTEXL
_2CC
999 _c409409
_d409409